Statistics for Actor by Movies #1

Click here to take the quiz!

General Stats

  • This quiz has been taken 115 times
  • The average score is 6 of 14

Answer Stats

MoviesActress or actor% Correct
Dead Poets Society, Jumanji, Good Will HuntingRobin Williams
95%
Edward Scissorhands, Beetlejuice, Girl InterruptedWinona Ryder
60%
The Hateful Eight, Overboard, Death Proof, Tango & CashKurt Russell
54%
Philomena, Skyfall, The Best Exotic Marigold HotelJudi Dench
51%
Lars and the Real Girl, Drive, Half NelsonRyan Gosling
47%
Bullitt, Papillon, The Great EscapeSteve McQueen
46%
Being John Malkovich, High Fidelity, Hot Tub TimemachineJohn Cusack
41%
Clueless, 8 Mile, Just Married, Dead GirlBrittany Murphy
40%
Medicine Man, Never Say Never Again, The Name of the RoseSean Connery
37%
The Jerk, L.A.Story, RoxanneSteve Martin
37%
The English Patient, Three Colors: Blue, ChocolatJuliette Binoche
27%
Double Jeopardy, Kiss the Girls, TwistedAshley Judd
25%
Crossroads, Pauly Shore is Dead, Austin Powers in GoldmemberBritney Spears
20%
Two Women, Judith, A Countess from Hong Kong, Lady LSophia Loren
7%

Score Distribution

Percentile by Number Answered

Percent of People with Each Score

Your Score History

You have not taken this quiz